Hope for your church; (Record no. 3253)

MARC details
000 -LEADER
fixed length control field 00790cam a2200265 4500
001 - CONTROL NUMBER
control field 1244841
003 - CONTROL NUMBER IDENTIFIER
control field GBCCL
005 - DATE AND TIME OF LATEST TRANSACTION
control field 20241126110451.0
008 - FIXED-LENGTH DATA ELEMENTS--GENERAL INFORMATION
fixed length control field 730510s1972 caua 000 0 eng
010 ## -
-- 72094164
020 ## - INTERNATIONAL STANDARD BOOK NUMBER
International Standard Book Number 0830702075
040 ## - CATALOGING SOURCE
Original cataloging agency DLC
Transcribing agency DLC
Modifying agency DLC
043 ## -
-- n-us-ca
050 00 -
-- BX6480.V33
-- F53 1972
082 00 - DEWEY DECIMAL CLASSIFICATION NUMBER
Classification number 254.5
-- 286.179493
Item number FIC
100 1# - MAIN ENTRY--PERSONAL NAME
Personal name Fickett, Harold L.
9 (RLIN) 6692
245 10 - TITLE STATEMENT
Title Hope for your church;
Remainder of title ten principles of church growth,
Statement of responsibility, etc. by Harold L. Fickett, Jr.
250 ## - EDITION STATEMENT
Edition statement [2d ed.]
260 ## - PUBLICATION, DISTRIBUTION, ETC.
Place of publication, distribution, etc. Glendale, Calif.,
Name of publisher, distributor, etc. G/L Regal Books
Date of publication, distribution, etc. [1972]
300 ## - PHYSICAL DESCRIPTION
Extent 159 p.
Other physical details illus.
Dimensions 20 cm.
350 ## - PRICE (NR) (BK AM CF MU VM SE) [OBSOLETE]
Price $1.95
610 20 - SUBJECT ADDED ENTRY--CORPORATE NAME
Corporate name or jurisdiction name as entry element First Baptist Church (Van Nuys, Calif.)
9 (RLIN) 6693
906 ## - LOCAL DATA ELEMENT F, LDF (RLIN)
a 7
b cbc
c orignew
d 2
e opcn
f 19
g y-gencatlg
942 ## - ADDED ENTRY ELEMENTS (KOHA)
Source of classification or shelving scheme Dewey Decimal Classification
Koha item type Books
Koha issues (borrowed), all copies 7
Holdings
Withdrawn status Lost status Source of classification or shelving scheme Damaged status Not for loan Home library Current Library Shelving location Date acquired Total checkouts Full call number Barcode Date last seen Date last checked out Copy number Price effective from Koha item type
    Dewey Decimal Classification     GRACE BIBLE COLLEGE GRACE BIBLE COLLEGE Ministry & Mission 2017-11-22 7 254.5 FIC 009842 2025-05-01 2024-03-02 c.1 2017-11-22 Books
© Grace Bible College Library 2025